000 00230nam a2200085Ia 4500
245 0 _aTalon of the Silver Hawk
100 _a FEIST, Raymond E. London, 2003
_995795
942 _cBK
008 210817s9999 xx 000 0 und d
999 _c400007
_d400006